Integraltafeln : Sammlung unbestimmter Integrale elementarer Funktionen /

Guardado en:
Autor Principal: Meyer zur Capellen, Walther.
Formato: Libro
Idioma:German
Publicado: Berlin : Springer, 1950.
Etiquetas: Agregar Etiqueta
Sin Etiquetas, Sea el primero en etiquetar este registro!
LEADER 00473nam a22001335a 4500
001 MAT.inmabb000571
008 031118s1950####gw############001#0#ger#d
005 20170801130852.0
245 1 0 |a Integraltafeln :  |b Sammlung unbestimmter Integrale elementarer Funktionen /  |c von W. Meyer zur Capellen. 
260 |a Berlin :  |b Springer,  |c 1950. 
300 |a viii, 292 p. + 1 h. suelta ;  |c 24 cm. 
100 1 |a Meyer zur Capellen, Walther. 
084 |a 65A05  |2 MR 
859 |h 65  |i M612i  |p A-369  |b BIB. MATEMATICA